Оценка устойчивости иерархической кластеризации на основе кофенетической корреляции; Перспективы развития фундаментальных наук; Т. 3 : Математика

Dades bibliogràfiques
Parent link:Перспективы развития фундаментальных наук=Prospects of Fundamental Sciences Development: сборник научных трудов XV Международной конференции студентов, аспирантов и молодых ученых, г. Томск, 24-27 апреля 2018 г./ Национальный исследовательский Томский политехнический университет (ТПУ) ; под ред. И. А. Курзиной, Г. А. Вороновой.— , 2018
Т. 3 : Математика.— 2018.— [С. 86-88]
Autor principal: Тимофеева А. Ю.
Autor corporatiu: Новосибирский государственный технический университет (НГТУ)
Altres autors: Цыренжапова С. Б.
Sumari:Заглавие с экрана
If there are any outliers in the data, hierarchical clustering can produce poor results. In addition, the dendrogram is sensitive to a set of characteristics by which objects are compared. Therefore, it is required to investigate two types of robustness of hierarchical clustering - to a set of objects and to a set of characteristics. For this, an original approach based on the use of bootstrapping is proposed. As an internal criterion for the reliability of hierarchical clustering, the cophenetic correlation coefficient is used. In the simulation study, various methods of hierarchical clustering are compared for robustness of two types. Recommendations are given on the applicability of methods of hierarchical clustering.
Idioma:rus
Publicat: 2018
Matèries:
Accés en línia:http://earchive.tpu.ru/handle/11683/50855
Format: MixedMaterials Electrònic Capítol de llibre
KOHA link:https://koha.lib.tpu.ru/cgi-bin/koha/opac-detail.pl?biblionumber=627623

MARC

LEADER 00000naa2a2200000 4500
001 627623
005 20231101133454.0
035 |a (RuTPU)RU\TPU\conf\27568 
035 |a RU\TPU\conf\27546 
090 |a 627623 
100 |a 20180918d2018 k y0rusy50 ca 
101 0 |a rus  |d eng 
102 |a RU 
105 |a y z 100zy 
135 |a drgn ---uucaa 
181 0 |a i  
182 0 |a b 
200 1 |a Оценка устойчивости иерархической кластеризации на основе кофенетической корреляции  |d Assessment of the robustness of hierarchical clustering based on cophenetic correlation  |f А. Ю. Тимофеева, С. Б. Цыренжапова 
203 |a Текст  |c электронный 
230 |a 1 компьютерный файл (pdf; 187 Kb) 
300 |a Заглавие с экрана 
320 |a [Библиогр.: с. 88 (3 назв.)] 
330 |a If there are any outliers in the data, hierarchical clustering can produce poor results. In addition, the dendrogram is sensitive to a set of characteristics by which objects are compared. Therefore, it is required to investigate two types of robustness of hierarchical clustering - to a set of objects and to a set of characteristics. For this, an original approach based on the use of bootstrapping is proposed. As an internal criterion for the reliability of hierarchical clustering, the cophenetic correlation coefficient is used. In the simulation study, various methods of hierarchical clustering are compared for robustness of two types. Recommendations are given on the applicability of methods of hierarchical clustering. 
461 1 |0 (RuTPU)RU\TPU\conf\26928  |t Перспективы развития фундаментальных наук  |l Prospects of Fundamental Sciences Development  |o сборник научных трудов XV Международной конференции студентов, аспирантов и молодых ученых, г. Томск, 24-27 апреля 2018 г.  |o в 7 т.  |f Национальный исследовательский Томский политехнический университет (ТПУ) ; под ред. И. А. Курзиной, Г. А. Вороновой  |d 2018 
463 1 |0 (RuTPU)RU\TPU\conf\26931  |t Т. 3 : Математика  |v [С. 86-88]  |d 2018 
510 1 |a Assessment of the robustness of hierarchical clustering based on cophenetic correlation  |z eng 
610 1 |a электронный ресурс 
610 1 |a устойчивость 
610 1 |a иерархия 
610 1 |a кластеризация 
610 1 |a корреляция 
610 1 |a данные 
700 1 |a Тимофеева  |b А. Ю. 
701 1 |a Цыренжапова  |b С. Б. 
712 0 2 |a Новосибирский государственный технический университет (НГТУ)  |c (1992- )  |2 stltpush  |3 (RuTPU)RU\TPU\col\36 
801 2 |a RU  |b 63413507  |c 20181005  |g RCR 
856 4 |u http://earchive.tpu.ru/handle/11683/50855 
942 |c BK